000 00573nmm a2200169Ia 4500
008 251105s9999||||xx |||||||||||||||||und||
020 _a8470307932
041 _aspa
100 _aPozo Andrés, María del Mar del
245 0 _aCurrículum e identidad nacional :
_b Regeneracionismos, nacionalismos y escuela pública
264 _a[Madrid, España] :
_bBiblioteca Nueva,
_c2000
300 _a348 páginas
490 _aMemoria y crítica de la educación: Monografías
650 _aEducation
856 _uhttps://public.digitaliapublishing.com/a/4680
942 _cCF
999 _c73192
_d73192